Purple place for dying (Record no. 33779)

MARC details
000 -LEADER
fixed length control field 00260nam a2200109Ia 4500
082 ## - DEWEY DECIMAL CLASSIFICATION NUMBER
Classification number 82-3
Item number MAC
100 ## - MAIN ENTRY--AUTHOR NAME
Personal name MacDonald, John D
245 #0 - TITLE STATEMENT
Title Purple place for dying
260 ## - PUBLICATION, DISTRIBUTION, ETC. (IMPRINT)
Place of publication London
Name of publisher Pan
Year of publication 1976
942 ## - ADDED ENTRY ELEMENTS (KOHA)
Koha item type Books
Holdings
Withdrawn status Lost status Damaged status Not for loan Home library Current library Date acquired Full call number Accession Number Koha item type
        RRII Library RRII Library 16/12/2021 82-3 MAC 14222 Books